| 000 | 01026nac a22003131u 4500 | ||
|---|---|---|---|
| 003 | EG-ScBUE | ||
| 005 | 20220613143650.0 | ||
| 008 | 080915r20052000enk f 000 0 eng d | ||
| 020 | _a0582429684 | ||
| 020 | _a9780582429680 | ||
| 040 |
_aEG-ScBUE _beng _erda _cEG-ScBUE _dEG-ScBUE |
||
| 082 | 0 | 4 |
_a428.24 _bBUR _222 |
| 100 | 1 |
_aBurgess, Sally, _eauthor. _9486 |
|
| 245 | 1 | 0 |
_aFirst certificate gold, _pTeacher's book / _cSally Burgess with Richard Acklam. |
| 246 | 3 | 0 | _aTeacher's book |
| 250 | _bNew edition. | ||
| 264 | 1 |
_aHarlow, England : _bPearson Education Limited, _c2005. |
|
| 300 |
_a144 pages ; _c28 cm |
||
| 336 |
_2rdacontent _atext _btxt |
||
| 337 |
_2rdamedia _aunmediated _bn |
||
| 338 |
_2rdacarrier _avolume _bnc |
||
| 500 | _aFree test booklet available. | ||
| 650 | 7 |
_aEnglish language _vTextbooks for foreign speakers. _943 _2BUEsh |
|
| 651 | _2BUEsh | ||
| 653 |
_cJanuary2014 _bHHUUEENN |
||
| 655 |
_vReading book _934232 |
||
| 700 | 1 |
_aAcklam, Richard, _eauthor. _9487 |
|
| 942 |
_cTR _k428.24 BUR _2ddc |
||
| 999 |
_c10180 _d10180 |
||